Statistics for Match the Modern Character with the Actor

Click here to take the quiz!

General Stats

  • This quiz has been taken 116 times
    (114 since last reset)
  • The average score is 24 of 26

Answer Stats

Hint Answer % Correct
k. Tom Hanks
99%
v. Leonardo DiCaprio
99%
x. Johnny Depp
99%
f. Jim Carrey
97%
b. Bruce Willis
97%
y. Will Smith
97%
e. Sylvester Stallone
96%
l. Meryl Streep
96%
i. Keanu Reeves
96%
r. George Clooney
95%
g. Jodie Foster
95%
p. Michael J. Fox
94%
a. Harrison Ford
94%
z. Eddie Murphy
93%
d. Julia Roberts
91%
c. Arnold Schwarzeneggar
90%
n. Robert DeNiro
90%
h. Sandra Bullock
89%
w. Russell Crowe
89%
m. Sally Field
88%
u. Susan Sarandon
88%
s. Bill Murray
87%
q. Denzel Washington
86%
o. Jack Nicholson
85%
j. Christopher Lloyd
84%
t. Kevin Costner
83%

Score Distribution

Percentile by Number Answered

Percent of People with Each Score

Your Score History

You have not taken this quiz since the last reset